European Islands - Statistics

General Stats
  • This quiz has been taken 198 times
  • The average score is 14 of 18
Answer Stats
Hint Answer % Correct
Palermo is the largest city on this island Sicily
94%
This is the largest island of Greece Crete
93%
This island was home to a horrible potato famine Ireland
92%
Small island nation south of Italy Malta
91%
French island in the Mediterranean Corsica
90%
Second Largest Italian Island Sardinia
90%
This is the largest and most populous island in Europe Great Britain
87%
This city is known for its canals Venice
87%
Largest Balearic Island Mallorca
84%
This island in the Irish Sea claims to be independent from the UK Isle of Man
83%
This island was home to an ancient Colossus Rhodes
78%
This island wasn't discovered until the ninth century Iceland
77%
Chain of islands north of Scotland owned by Denmark Faroe Islands
76%
Napoleon was exiled to this island Elba
69%
This British island is known for cows Jersey
62%
Northernmonst point in Scotland Shetland Islands
58%
This island is connected to Malmo, Sweden through a bridge Zealand
55%
This island is known for the town of Sant Antoni Ibiza
45%
No matching quizzes found
Score Distribution
Percent of People with Each Score
Percentile by Number Answered
Your Score History
You have not taken this quiz